Programming C# / (Record no. 180088)

000 -LEADER
fixed length control field 00788 a2200229 4500
003 - CONTROL NUMBER IDENTIFIER
control field Nust
005 - DATE AND TIME OF LATEST TRANSACTION
control field 20220816144640.0
010 ## - LIBRARY OF CONGRESS CONTROL NUMBER
LC control number 2006281094
020 ## - INTERNATIONAL STANDARD BOOK NUMBER
International Standard Book Number 0596003099 (pbk.)
040 ## - CATALOGING SOURCE
Transcribing agency Nust
082 00 - DEWEY DECIMAL CLASSIFICATION NUMBER
Classification number 005.133,ORE
100 1# - MAIN ENTRY--PERSONAL NAME
Personal name Liberty, Jesse.
9 (RLIN) 56830
245 10 - TITLE STATEMENT
Title Programming C# /
Statement of responsibility, etc. Jesse Liberty.
250 ## - EDITION STATEMENT
Edition statement 2nd ed.
260 ## - PUBLICATION, DISTRIBUTION, ETC.
Place of publication, distribution, etc. Sebastopol, CA :
Name of publisher, distributor, etc. O'Reilly,
Date of publication, distribution, etc. 2002.
300 ## - PHYSICAL DESCRIPTION
Extent xviii, 629 p. :
Other physical details ill. ;
Dimensions 24 cm.
505 ## - FORMATTED CONTENTS NOTE
Formatted contents note Part-1: The C# Language (Page-3), Part-2: Programming with C# (Page-295), Part-3: The CLR and the Net Framework (Page-419).
650 #0 - SUBJECT ADDED ENTRY--TOPICAL TERM
Topical term or geographic name entry element CĠ(Computer program language)
9 (RLIN) 97483
650 #0 - SUBJECT ADDED ENTRY--TOPICAL TERM
Topical term or geographic name entry element Computer programming.
856 41 - ELECTRONIC LOCATION AND ACCESS
Materials specified Table of contents only
Uniform Resource Identifier <a href="http://www.loc.gov/catdir/toc/fy0701/2006281094.html">http://www.loc.gov/catdir/toc/fy0701/2006281094.html</a>
942 ## - ADDED ENTRY ELEMENTS (KOHA)
Source of classification or shelving scheme
Koha item type Book
Call number prefix 005.133,ORE
Holdings
Withdrawn status Lost status Source of classification or shelving scheme Damaged status Not for loan Permanent Location Current Location Shelving location Date acquired Full call number Barcode Date last seen Price effective from Koha item type Public note
          Military College of Signals (MCS) Military College of Signals (MCS) General Stacks 12/12/2016 005.133,ORE MCS3621 12/08/2016 12/12/2016 Book Almirah No.5, Shelf No.2
© 2023 Central Library, National University of Sciences and Technology. All Rights Reserved.